000 00613nam a2200253Ia 4500
003 OSt
005 20221005124627.0
006 a|||||r|||| 00| 0
007 ta
008 221004b |||||||| |||| 00| 0 tel d
024 _a46009
037 _cTextual
040 _aCRL
_cCRL
_btel
041 _2tel
_atel
082 _aO35,1G00:g, M2
100 _aSumati Au.
_9635540
245 0 _aNarendra
260 _c1982
300 _a528p.
_ccm.
650 _a TELUGU POETRY
650 _aTELUGU LITERATURE
942 _hO35,1G00:g, M2
_cTEXL
_2cc
999 _c1051060
_d1051060